Flood insurance study. City of Douglas, Arizona, Cochise County.

Bibliographic Details
Format: Government Document Book
Language:English
Published: [Washington, D.C.] : U.S. Department of Housing & Urban Development, Federal Insurance Administration, [1978]
Subjects:
Online Access:Available online at HathiTrust:

MARC

Tag First Indicator Second Indicator Subfields
LEADER 00000cam a2200000 i 4500
001 in00000795604
005 20170515155739.0
008 780811s1978 dcuabf b f000 0 eng c
035 |a (OCoLC)ocm04140947 
040 |a GPO  |b eng  |e rda  |c GPO  |d OCLCQ  |d ISL  |d OCLCQ  |d SPI  |d OCLCF  |d OCLCQ  |d TXA 
035 |a (OCoLC)4140947 
037 |b 20410 
042 |a pcc 
043 |a n-us-az 
050 4 |a GB1399.2 
074 |a 0594-C-3 
086 0 |a HH 10.9:D 74/4 
049 |a TXAM 
245 0 0 |a Flood insurance study.  |p City of Douglas, Arizona, Cochise County. 
246 3 0 |a City of Douglas, Arizona, Cochise County 
246 3 0 |a Douglas, Arizona 
246 3 |a Cochise County, Arizona 
264 1 |a [Washington, D.C.] :  |b U.S. Department of Housing & Urban Development, Federal Insurance Administration,  |c [1978] 
300 |a iii, 20 pages, 6 folded leaves of plates :  |b illustrations, map ;  |c 28 cm 
336 |a text  |b txt  |2 rdacontent 
337 |a unmediated  |b n  |2 rdamedia 
338 |a volume  |b nc  |2 rdacarrier 
500 |a "March 1978." 
500 |a Location map on cover. 
500 |a Title from cover. 
504 |a Includes bibliographical references (page 20). 
650 0 |a Flood forecasting  |z Arizona  |z Cochise County. 
650 0 |a Flood forecasting  |z Arizona  |z Douglas. 
650 0 |a Flood insurance  |z Arizona  |z Douglas. 
650 0 |a Flood insurance  |z Arizona  |z Cochise County. 
651 0 |a Douglas (Ariz.) 
651 0 |a Cochise County (Ariz.) 
650 7 |a Flood insurance.  |2 fast  |0 (OCoLC)fst01715819 
651 7 |a Arizona  |z Cochise County.  |2 fast  |0 (OCoLC)fst01207405 
651 7 |a Arizona  |z Douglas.  |2 fast  |0 (OCoLC)fst01218843 
655 7 |a Technical reports.  |2 lcgft 
710 1 |a United States.  |b Federal Insurance Administration,  |e issuing body. 
856 4 1 |z Available online at HathiTrust:  |u http://hdl.handle.net/2027/txa.ark:/81423/m3hg9m  |t 0 
949 |a updated  |b h  |c 2017/5/15  |e spoltoratski  |f 3:57:31 pm 
994 |a C0  |b TXA 
999 f f |s 1571e56d-3c82-3e70-8f89-733d9c95a896  |i bd9c0c3e-de30-3099-8de1-a23dcf3921b0  |t 0 
952 f f |a Texas A&M University  |b College Station  |c Electronic Resources  |d Available Online  |t 0  |e HH 10.9:D 74/4  |g Electronic  |h Superintendent of Documents classification 
998 f f |a HH 10.9:D 74/4  |t 0  |l Available Online